000 00301nam a22001337a 4500
008 170202b xxu||||| |||| 00| 0 eng d
020 _a9780763718015
041 _aeng
080 _a61
100 _a3
101 _ashm
245 _acommunity health education methods
_cBENSLEY.R.J
942 _2udc
_cBK
999 _c4243
_d4243